Statistics for South Korea Football Team World Cup Starting XI

Click here to take the quiz!

General Stats

  • This quiz has been taken 409 times
    (299 since last reset)
  • The average score is 42 of 89

Answer Stats

Player% Correct
Son Heung-min
97%
Ki Sung-yueng
86%
Kim Byung-Ji
84%
Kim Do-Hoon
84%
Kim Do-Keun
84%
Kim Jin-kyu
84%
Kim Jin-su
84%
Kim Ji-sung
84%
Kim Joo-sung
84%
Kim Jung-woo
84%
Kim Min-jae
84%
Kim Min-woo
84%
Kim Moon-hwan
84%
Kim Nam-il
84%
Kim Pan-keun
84%
Kim Seung-gyu
84%
Kim Tae-young
84%
Kim Young-chul
84%
Kim Young-gwon
84%
Park Chang-Sun
75%
Park Chu-young
75%
Park Il-kap
75%
Park Jae-seung
75%
Park Ji-sung
75%
Park Jung-bae
75%
Park Kyu-chung
75%
Park Kyung-Hoon
75%
Lee Chung-yong
65%
Lee Chun-soo
65%
Lee Eul-yong
65%
Lee Ho
65%
Lee Jae-sung
65%
Lee Jung-soo
65%
Lee Min-Sung
65%
Lee Sang-Yoon
65%
Lee Woon-jae
65%
Lee Yong
65%
Lee Young-jin
65%
Lee Young-pyo
65%
Hwang Hee-chan
58%
Hwang In-beom
58%
Hwang Sun-hong
58%
Cha Bum-Kun
43%
Cha Du-ri
43%
Cho Gue-sung
42%
Cho Jae-jin
42%
Cho Kwang-Rae
42%
Cho Yong-hyung
42%
Cho Young-Jeung
42%
Min Byung-dae
41%
Jo Hyeon-woo
36%
Sung Nak-woon
35%
Jung Sung-ryong
34%
Jung Woo-young
34%
Hong Deok-young
29%
Hong Jeong-ho
29%
Hong Myung-bo
29%
Song Chong-gug
29%
Ko Jeong-woon
27%
Woo Sang-kwon
27%
Kang Chang-gi
24%
Ahn Jung-hwan
23%
Ha Seok-ju
23%
Li Ki-joo
22%
Moon Seon-min
20%
Yoo Sang-chul
20%
Choi Chung-min
18%
Choi In-young
18%
Choi Jin-cheul
18%
Choi Kang-Hee
18%
Choi Soon-Ho
18%
Choi Sung-Yong
18%
Choi Yong-soo
18%
Choi Young-il
18%
Han Kook-young
18%
Yun Suk-young
16%
Koo Ja-cheol
14%
Jang Hyun-soo
13%
Seol Ki-hyeon
13%
Yoon Deuk-Yeo
13%
Chung Yong-Hwan
12%
Gu Sang-Bum
12%
Oh Yun-Kyo
12%
Byun Byung-Joo
11%
Shin Hong-gi
11%
Huh Jung-Moo
3%
Noh Jung-yoon
3%
Yeom Ki-hun
3%
Hwangbo Kwan
2%

Score Distribution

Percentile by Number Answered

Percent of People with Each Score

Your Score History

You have not taken this quiz since the last reset